000 00482nam a22001697a 4500
999 _c165441
_d165441
005 20221116162108.0
010 _aB-125653
020 _c200.00
_a9788180642951
035 _aEN-109185
037 _bDBAD/PUB
082 _a920
245 _aKarl Marx:
_ba bicentenary tribute/
_ced.by Gargi Sengupta
260 _aKolkata,
_bSri kamal Mitra
_c2018
270 _a37A, College Street,
_bKolkata
_e700073
300 _a204p.
_c2cm(pbk)
942 _2ddc
_cEN
_h920
_mKAR